Statistics for Kazakhstan... or Kyrgyzstan?

Click here to take the quiz!

General Stats

  • This quiz has been taken 719 times
    (478 since last reset)
  • The average score is 10 of 15

Answer Stats

QuestionAnswer% Correct
The fictional character Borat is from thereKazakhstan
87%
Has a higher GDP per-capitaKazakhstan
87%
Borders the Aral SeaKazakhstan
85%
Its second largest city consists of only three lettersKyrgyzstan
83%
Russian is one of its official languagesBoth
75%
There is a sun on its flagBoth
70%
Failed its bid for the 2022 Winter Olympics against BeijingKazakhstan
69%
Was the last of the Soviet republics to declare independenceKazakhstan
68%
A higher percentage of the population is MuslimKyrgyzstan
66%
Oil makes up more than half of its exportsKazakhstan
63%
Has a higher average elevationKyrgyzstan
63%
Its largest city is its capitalKyrgyzstan
61%
Borders the Chinese autonomous region of XinjiangBoth
59%
Scores higher in the Democracy IndexKyrgyzstan
44%
Contains one of Asia's top 10 largest lakes by areaBoth
25%

Score Distribution

Percentile by Number Answered

Percent of People with Each Score

Your Score History

You have not taken this quiz since the last reset